Statistics for Top 10 surnames in USA

Click here to take the quiz!

General Stats

  • This quiz has been taken 48 times
  • The average score is 5 of 10

Answer Stats

Answer% Correct
Smith
96%
Jones
81%
Johnson
74%
Williams
49%
Miller
36%
Brown
34%
Davis
34%
Rodriguez
26%
Garcia
21%
Wilson
19%

Score Distribution

Percentile by Number Answered

Percent of People with Each Score

Your Score History

You have not taken this quiz